| 000 | 00988nam a2200217Ia 4500 | ||
|---|---|---|---|
| 001 | 1302 | ||
| 003 | GE_BSU | ||
| 008 | 181216s||||||||xx |||||||||||||| ||und|| | ||
| 040 | _cGE_BSU | ||
| 080 | _a631.3(075.8) | ||
| 100 | _aშაფაქიძე, ე; ნატროშვილი, დ; | ||
| 245 | _aსასოფლო-სამეურნეო მანქანები. | ||
| 245 | _b(ნაწილი 1). სალექციო ლურსი, მეთოდური მითითებები, პრაქტიკული სამუშაოების შესასრულებლად. საგამოცდო ტესტები. | ||
| 260 | _aთბილისი | ||
| 260 | _bსაქ-ს სახ. აგრარული უნ-ტი. | ||
| 260 | _c2010 | ||
| 300 | _a234 გვ. 29 სმ. | ||
| 541 | _h15 ლ. | ||
| 653 | _aსასოფლო-სამეურნეო მანქანები. | ||
| 942 | _cBK | ||
| 999 |
_c35444 _d35444 |
||